000 01331fam a2200373 a 4500
001 1826990
005 20150528135448.0
008 960308s1996 nyu b 001 0 eng
010 _a 96005689
020 _a1573310026 (cloth : alk. paper)
020 _a1573310034 (pbk. : alk. paper)
035 _a(OCoLC)34546011
035 _a(OCoLC)ocm34546011
035 _a(NNC)1826990
040 _aDLC
_cDLC
_dNNC
050 0 0 _aQ175.F58 1996
100 _aGross, Paul (ed.)
_917404
245 0 4 _aThe flight from science and reason /
_cedited by Paul R. Gross, Norman Levitt, and Martin W. Lewis.
260 _aNew York :
_bThe New York Academy of Sciences,
_c1996.
263 _a9604
300 _axi, 593 p. :
_bi;;. ;
_c24 cm.
490 1 _aAnnals of the New York Academy of Sciences,
_x0077-8923 ;
_vv. 775
504 _aIncludes bibliographical references and index.
650 0 _aScience
_xPhilosophy.
_917405
650 0 _aScience
_xSocial aspects.
_99989
650 0 _aWomen in science.
_914288
650 0 _aReligion and science.
_917406
700 1 _aGross, Paul R.
_917407
_eed.
700 1 _aLevitt, N. (ed.)
_q(Norman),
_d1943-
_917408
_eed.
700 1 _aLewis, Martin W.
_917409
_eed.
830 0 _aAnnals of the New York Academy of Sciences ;
_vv. 775.
_917410
942 _2lcc
_cMONOGRAPH
999 _c122728
_d122728